00717nam a2200241 a 4500001001300000003000900013005001700022008004100039020002300080082001500103100001600118245005800134260004300192300000900235500003500244505001700279650003700296700001600333902000800349942000700357952009600364999001500460nice12345678IN_TiNIC20260116013038.0050524s1989 lona grp 000 0 eng  a0003351 c34300a261.2bCOX aCox, Harvey aMany Mansionsb Christian Encounter With Other Faiths aLondon bCollins Religious Pub. c1989 a215p aincludes index and biblioraphy2 aBibliography aChristianity and Other Religions1 aCox, Harvey bSRS cBK 00104070aHMIbHMId2007-07-10g343.00l0o261.2 COXp015014r2007-07-10w2026-01-16yEB c9411d9411